000 01488nam a22003977a 4500
003 CHAP
005 20220329140717.0
008 971013s1983 r 10010 d
010 _a56364
011 _a57336
035 _a61490
040 _cCHAP
082 _a580
_bS52
111 0 0 _aSimposium Flora del Noreste (
_n1
_d: 1983
_c: Cd. Victoria, Tams.)
_9106446
245 _aResúmenes ; programa general
260 _aCd. Victoria, Tams. :
_bUniversidad Autónoma de Tamaulipas,
_c1983
300 _a127 p.
590 _aBATCH-UPD
_b10
_c20130110
_lUCH01
_h0135
590 _aBATCH-UPD
_b10
_c20130110
_lUCH01
_h2020
590 _aBATCH-UPD
_b10
_c20130409
_lUCH01
_h2131
590 _aBATCH-UPD
_b10
_c20130410
_lUCH01
_h1338
590 _aBATCH-UPD
_b10
_c20130914
_lUCH01
_h0733
590 _aCONVERSION
_b10
_c20130109
_lUCH01
_h1330
650 1 4 _aBotánica
_xCoahuila.
_914519
650 1 4 _aBotánica
_xNuevo León.
_914598
650 1 4 _aBotánica
_xSan Luis Potosí.
_914615
650 1 4 _aBotánica
_xTamaulipas.
_914622
650 1 4 _aBotánica
_xZacatecas.
_914636
901 _aBK
942 _cLIBRO
949 _a580 S52
_bBC
_cLIBRO
_d-132089
_eLIBRO
_h61397
_i61490
_si
949 _a580 S52
_bBC
_cLIBRO
_d33724000502183
_eLIBRO
_fc.2
_h81488
_i61490
_si
949 _a580 S52
_bBC
_cLIBRO
_d33724000502191
_eLIBRO
_fc.4
_h81490
_i61490
_si
949 _a580 S52
_bBC
_cLIBRO
_d33724000502209
_eLIBRO
_fc.5
_h81491
_i61490
_si
949 _a580 S52
_bBC
_cLIBRO
_d33724000502217
_eLIBRO
_fc.3
_h81489
_i61490
_si
999 _c56364
_d56364